00792 2200301 4500001002100000005001800021008004100039020002100080035002400101090002000125100002000145245003900165260003400204300003400238650002500272700002800297850001500325999001500340999001500355999001500370999001500385999001500400999001500415999001500430999001500445999001500460999001500475YOGYA-0111000000162620110129075857202 ind  a97-602-8356-52-7 0010-011100000001626 aPK 221.52 Kha K aKhasanah R.A, N aKisah menarik masa kecil para Nabi aJakartabNobel Edumediac2010 aiv, 52 hlm . : ilus . ; 29 cm aNabi dan rasul-rasul aHandoyo; Nilam; Elwi NR aYOPDYOG[B] a10BPK06417 a10BPK06418 a10BPK06419 a10BPK06420 a10BPK06421 a10BPK06422 a10BPK06423 a10BPK06424 a10BPK06425 a10BPK06426